Predictive Analytics: the power to predict who will click, buy, lie, or die (Record no. 5933)
[ view plain ]
| 000 -LEADER | |
|---|---|
| fixed length control field | 00532nam a22001937a 4500 |
| 003 - CONTROL NUMBER IDENTIFIER | |
| control field | OSt |
| 005 - DATE AND TIME OF LATEST TRANSACTION | |
| control field | 20171214181637.0 |
| 008 - FIXED-LENGTH DATA ELEMENTS--GENERAL INFORMATION | |
| fixed length control field | 171214b xxu||||| |||| 00| 0 eng d |
| 020 ## - INTERNATIONAL STANDARD BOOK NUMBER | |
| International Standard Book Number | 9781119145677 |
| 040 ## - CATALOGING SOURCE | |
| Transcribing agency | DDC |
| 082 ## - DEWEY DECIMAL CLASSIFICATION NUMBER | |
| Classification number | 303.4 SIE 2016 |
| 100 ## - MAIN ENTRY--PERSONAL NAME | |
| Personal name | Siegel, Eric |
| 9 (RLIN) | 12318 |
| 245 ## - TITLE STATEMENT | |
| Title | Predictive Analytics: the power to predict who will click, buy, lie, or die |
| 260 ## - PUBLICATION, DISTRIBUTION, ETC. (IMPRINT) | |
| Place of publication, distribution, etc. | New Jersey; John Wiley, 2016 |
| 300 ## - PHYSICAL DESCRIPTION | |
| Extent | xxxi,332p; ill: 23cm |
| 504 ## - BIBLIOGRAPHY, ETC. NOTE | |
| Bibliography, etc | Index included |
| 650 ## - SUBJECT ADDED ENTRY--TOPICAL TERM | |
| Topical term or geographic name as entry element | Sociology |
| 9 (RLIN) | 2259 |
| 942 ## - ADDED ENTRY ELEMENTS (KOHA) | |
| Source of classification or shelving scheme | Other/Generic Classification Scheme |
| Koha item type | Open Shelf |
| Withdrawn status | Lost status | Source of classification or shelving scheme | Damaged status | Not for loan | Home library | Current library | Date acquired | Coded location qualifier | Inventory number | Total Checkouts | Full call number | Barcode | Date last seen | Koha item type |
|---|---|---|---|---|---|---|---|---|---|---|---|---|---|---|
| Dewey Decimal Classification | MUST Main Library | MUST Main Library | 14/12/2017 | Purchase | 17/40320 | 303.4 SIE 2016 | 2017-1002 | 14/12/2017 | Open Shelf | |||||
| Dewey Decimal Classification | MUST Main Library | MUST Main Library | 14/12/2017 | Purchase | 17/40321 | 303.4 SIE 2016 | 2017-1003 | 14/12/2017 | Open Shelf |
